000 00677cam a22002172 4500
001 0000002633
005 20151217161131.0
008 070417s xx 000 0 eng d
020 _a019860453X :
_cKES 2,681
040 _aKABU
_cKABU
050 0 _aPE1591
_b.C66 2002
245 1 0 _aConcise Oxford thesaurus /
_cedited by Maurice Waite.
250 _a2nd ed.
260 _aOxford ;
_aNew York :
_bOxford University Press,
_c2002.
300 _a974 p. ;
_c24 cm.
650 0 _aEnglish language
_xSynonyms and antonyms.
_@0000148333
700 1 _aWaite, Maurice.
_@0000152077
908 _a070417
950 _@1
999 _c14909
_d14909